000 00561nam a2200169Ia 4500
008 090201s9999 xx 000 0 und d
010 _aKPL-25137
040 _bमराठी
041 _aमराठी
082 _a46096
_b25137
100 _aप्रभाकर द. मराठे
245 _aशिवकल्याण राजा
_cप्रभाकर द. मराठे
260 _c2005
_bसरीता प्रकाशन
300 _a177
_bमोठा
600 _aशिवकल्याण राजा
942 _cBOOK
999 _c242971
_d242971